UM Logo

Cancer survivors ask Duque to intensify anti-tobacco campaign/ (Record no. 11104)

MARC details
000 -LEADER
fixed length control field 00379nam a2200121 4500
008 - FIXED-LENGTH DATA ELEMENTS--GENERAL INFORMATION
fixed length control field 181012b ||||| |||| 00| 0 eng d
100 ## - MAIN ENTRY--PERSONAL NAME
9 (RLIN) 32124
Personal name Jaymalin, Mayen
245 ## - TITLE STATEMENT
Title Cancer survivors ask Duque to intensify anti-tobacco campaign/
Statement of responsibility, etc. Mayen Jaymalin
260 ## - PUBLICATION, DISTRIBUTION, ETC. (IMPRINT)
Place of publication, distribution, etc. Philippines
Name of publisher, distributor, etc. The Philippine Star
Date of publication, distribution, etc. c2017
300 ## - PHYSICAL DESCRIPTION
Extent page 10.
650 #0 - SUBJECT ADDED ENTRY--TOPICAL TERM
9 (RLIN) 32125
Topical term or geographic name as entry element Cancer.
942 ## - ADDED ENTRY ELEMENTS (KOHA)
Source of classification or shelving scheme Dewey Decimal Classification
Koha item type Periodicals
Holdings
Withdrawn status Lost status Source of classification or shelving scheme Damaged status Not for loan Collection code Home library Current library Date acquired Total Checkouts Date last seen Price effective from Koha item type Public note
    Dewey Decimal Classification     Periodicals UM Digos College - LIC UM Digos College - LIC 10/12/2018   10/12/2018 10/12/2018 Periodicals Newspaper Clippings